Biology : (Record no. 548)

MARC details
000 -LEADER
fixed length control field 00593cam a22002052 4500
001 - CONTROL NUMBER
control field 0000004581
005 - DATE AND TIME OF LATEST TRANSACTION
control field 20151021151104.0
008 - FIXED-LENGTH DATA ELEMENTS--GENERAL INFORMATION
fixed length control field 070525s xx 000 0 eng d
020 ## - INTERNATIONAL STANDARD BOOK NUMBER
International Standard Book Number 0028266471 :
040 ## - CATALOGING SOURCE
Original cataloging agency KABU
Transcribing agency KABU
050 #0 - LIBRARY OF CONGRESS CALL NUMBER
Classification number QH308.2
Item number .B54
245 10 - TITLE STATEMENT
Title Biology :
Remainder of title the dynamics of life /
Statement of responsibility, etc. Alton Biggs ... [et al.]
260 ## - PUBLICATION, DISTRIBUTION, ETC. (IMPRINT)
Place of publication, distribution, etc. Westerville, Ohio :
Name of publisher, distributor, etc. Glencoe,
Date of publication, distribution, etc. 1995.
300 ## - PHYSICAL DESCRIPTION
Extent xxix, 1185 p.
650 #0 - SUBJECT ADDED ENTRY--TOPICAL TERM
Topical term or geographic name as entry element Biology.
-- 0000003707
700 1# - ADDED ENTRY--PERSONAL NAME
Personal name Biggs, Alton.
-- 0000155215
908 ## - PUT COMMAND PARAMETER (RLIN)
Put command parameter 070525
950 ## - LOCAL HOLDINGS (RLIN)
-- 1
Holdings
Withdrawn status Lost status Source of classification or shelving scheme Not for loan Home library Current library Date acquired Total Checkouts Full call number Barcode Date last seen Date last checked out Price effective from Koha item type
    Library of Congress Classification   Kabarak, Main Campus Kabarak, Main Campus 17/12/2015   QH308.2 .B54 007412 17/12/2015   17/12/2015 General Collection
    Library of Congress Classification   Kabarak, Main Campus Kabarak, Main Campus 17/12/2015   QH308.2 .B54 007414 17/12/2015   17/12/2015 General Collection
    Library of Congress Classification   Kabarak, Main Campus Kabarak, Main Campus 17/12/2015   QH308.2 .B54 007413 17/12/2015   17/12/2015 General Collection
    Library of Congress Classification   Kabarak, Nakuru City Campus Kabarak, Nakuru City Campus 21/10/2015 1 QH308.2 .B54 005733 25/01/2023 25/01/2023 21/10/2015 General Collection
Designed with assistance from East African Informatics Ltd